000 00754 a2200193 4500
003 NUST
005 20251111180020.0
040 _cNust
082 _a621.382,MAS
100 _aMasood , NC Abdullah (TCC-10)
_9131812
245 _aDesign and simulation of 3G AMR speech codec /
_cNC Abdullah Masood, NC Shahzad Riasat, PC Maryam Shabbir, PC Nida Baig, PC Adeel Tufail and GC Muzammil Riaz.
260 _aRawalpindi
_bMCS (NUST)
_c2002
300 _a97 p.;
505 _aIntroduction (Page-4), Problem Definition (Page-14), Transcoder (Page-20), Voice Activity Detector (Page-62),Results and Conclusion (Page-77).
650 _aUG EE Projects
651 _aTCC-10
_9131808
700 _aSupervisor by Lec Aamir Masood Khan
_9131813
942 _cPR
_2ddc
999 _c182677
_d182677